|
|
|
|
| LEADER |
00000nam0a2200000 4500 |
| 001 |
64861 |
| 005 |
20231031070017.0 |
| 010 |
|
|
|a 5939130968
|
| 035 |
|
|
|a (RuTPU)RU\TPU\book\68863
|
| 090 |
|
|
|a 64861
|
| 100 |
|
|
|a 20040609d2005 km y0rusy50 ca
|
| 101 |
1 |
|
|a rus
|c eng
|
| 102 |
|
|
|a RU
|
| 105 |
|
|
|a a z 001zy
|
| 200 |
1 |
|
|a Полимерные пленки
|e пер. с англ.
|f под ред. Е. М. Абель-Бари
|
| 210 |
|
|
|a СПб.
|c Профессия
|d 2005
|
| 215 |
|
|
|a 352 с.
|c ил.
|
| 320 |
|
|
|a Библиография в конце глав.
|
| 330 |
|
|
|a В книге рассмотрены основные технологии и вопросы получения пленок, проблемы их деструкции и стабилизации. Обсуждаются темы растворимости различных добавок и экологические аспекты некоторых специальных свойств. Большое внимание в сборнике уделяется практическому применению пленок в упаковке, медицине и сельском хозяйстве. Отдельно рассмотрены проблемы вторичной переработки пленок. Издание адресовано инженерам, технологам, исследователям и другим специалистам, интересы которых лежат в сфере производства и применения полимерных пленок.
|
| 512 |
1 |
|
|a Полимерные пленки: технологии производства, деструкция и стабилизация, применение, рециклинг
|
| 610 |
1 |
|
|a полимерные пленки
|
| 610 |
1 |
|
|a полиэтиленовые пленки
|
| 610 |
1 |
|
|a полипропиленовые пленки
|
| 610 |
1 |
|
|a производство
|
| 610 |
1 |
|
|a переработка
|
| 610 |
1 |
|
|a прочность
|
| 610 |
1 |
|
|a полимеры
|
| 610 |
1 |
|
|a химикаты-добавки
|
| 610 |
1 |
|
|a растворимость
|
| 610 |
1 |
|
|a поливинилхлорид
|
| 610 |
1 |
|
|a старение
|
| 610 |
1 |
|
|a стабилизация
|
| 610 |
1 |
|
|a заменители горения
|
| 610 |
1 |
|
|a экологические проблемы
|
| 610 |
1 |
|
|a экология
|
| 610 |
1 |
|
|a загрязненная атмосфера
|
| 610 |
1 |
|
|a модификация
|
| 610 |
1 |
|
|a применение
|
| 610 |
1 |
|
|a упаковка
|
| 610 |
1 |
|
|a народное хозяйство
|
| 610 |
1 |
|
|a противоожоговые повязки
|
| 610 |
1 |
|
|a испытания
|
| 610 |
1 |
|
|a рециклинг
|
| 675 |
|
|
|a 678.026
|v 3
|
| 702 |
|
1 |
|a Абель-Бари
|b Е. М.
|4 340
|
| 801 |
|
1 |
|a RU
|b 63413507
|c 20040609
|g PSBO
|
| 801 |
|
2 |
|a RU
|b 63413507
|c 20130527
|g PSBO
|
| 942 |
|
|
|c BK
|